000 00754nam a2200241 i 4500
001 C2-0303049
003 PPAK
005 20180728084108.0
008 100310s1989 my |||| ||||| | may d
020 _a9679421554
040 _aPPAK
_beng
_cPPAK
_erda
082 0 4 _a616.362309595
_223
090 0 0 _a616.362309595
_bTON
_dKIH
100 0 _aTon so har,
_eauthor
245 1 0 _aInfeksi virus hepatitis b di malaysia :
_bDari segi biokimia dan molekul biologi
264 1 _aBangi, Selangor :
_bUniversiti Kebangsaan Malaysia ,
_c1989
300 _a15 pages ;
_c23 cm
336 _2rdacontent
_atext
337 _2rdamedia
_aunmediated
338 _2rdacarrier
_avolume
650 1 0 _aHepititis b virus - malaysia ; Hepititis viruses
942 _ddc
_cB
999 _c106524
_d106524